000 00736nam a2200229Ia 4500
001 8942
003 GE_BSU
008 181216s||||||||xx |||||||||||||| ||und||
040 _cGE_BSU
080 _a821.353.1-32
100 _aკვიცარიძე, დავით
245 _aბილიკი ტყეში.
245 _bმოთხრობები
245 _cრედ:გრიგოლ ჯულუხიძე;მხატვ:.ემირ ბურჯანაძე.
260 _aთბილისი.
260 _bმერანი.
260 _c1976.
300 _a100გვ;20სმ.
653 _aბილიკი ტყეში.
653 _aმოთხრობები
942 _cBK
999 _c42247
_d42247